|
|
|
|
| LEADER |
00651cam a2200181ua 4500 |
| 041 |
|
|
|a hin
|
| 082 |
|
|
|a 891.43
|b RAJ/PR
|
| 100 |
|
|
|a Rajapal, G .
|
| 245 |
|
|
|a Pranaya pathrika /
|c G Rajapal.
|h Textual Documents
|
| 260 |
|
|
|a Delhi :
|b Rajapal yada sangei ,
|c 1961.
|
| 300 |
|
|
|a 80 ; .
|
| 504 |
|
|
|
| 541 |
|
|
|e 5763
|
| 541 |
|
|
|e 6401
|
| 942 |
|
|
|c BK
|
| 999 |
|
|
|c 31695
|d 31695
|
| 952 |
|
|
|0 0
|1 0
|4 0
|6 891_430000000000000
|7 0
|9 41864
|a KAUAET
|b KAUAET
|d 2012-04-07
|m 0
|o 891.43
|p KAU_KCAET-5763
|r 2012-04-07
|w 2012-04-07
|y BK
|
| 952 |
|
|
|0 0
|1 0
|4 0
|6 891_430000000000000
|7 0
|9 41865
|a KAUAET
|b KAUAET
|d 2012-04-07
|m 0
|o 891.43
|p KAU_KCAET-6401
|r 2012-04-07
|t 2
|w 2012-04-07
|y BK
|